Statistics for Countries of Asia - North to South

Click here to take the quiz!

General Stats

  • This quiz has been taken 141 times
    (120 since last reset)
  • The average score is 33 of 48

Answer Stats

Answer % Correct
China
97%
Kazakhstan
95%
Mongolia
93%
Uzbekistan
90%
Japan
90%
Georgia
80%
Kyrgyzstan
80%
North Korea
80%
Turkmenistan
78%
Afghanistan
77%
Tajikistan
77%
Iran
77%
Pakistan
75%
Syria
75%
Iraq
75%
Azerbaijan
75%
Turkey
75%
Armenia
75%
South Korea
73%
Nepal
72%
India
72%
Saudi Arabia
68%
Jordan
68%
Lebanon
68%
Kuwait
67%
Israel
67%
Vietnam
63%
Laos
62%
Bhutan
62%
Myanmar
60%
Singapore
60%
East Timor
60%
Thailand
58%
Cyprus
58%
Bahrain
55%
Qatar
55%
United Arab Emirates
55%
Taiwan
55%
Oman
55%
Yemen
55%
Cambodia
55%
Sri Lanka
55%
Indonesia
55%
Philippines
55%
Malaysia
53%
Brunei
53%
Maldives
50%
Bangladesh
50%

Score Distribution

Percentile by Number Answered

Percent of People with Each Score

Your Score History

You have not taken this quiz since the last reset